000 00525nam a22001697a 4500
003 NUST
038 _aNusrat Nadeem
082 _a200
100 _aAhmad, Zaheer
_9122976
245 _aInternational Study Tour Report (University of Southampton, Malaysia)
_c Zaheer Ahmad,
264 _aIslamabad,
_bNBS NUST,
_c2024.
300 _a31,p;
_bill;
_c30,cm.
650 _aEMBA
_9122975
700 _aSupervisor: Dr. Muhammad Shariq
_9120126
856 _uhttp://10.250.8.41:8080/xmlui/handle/123456789/43556
942 _2ddc
_cTHE
999 _c609330
_d609330